000 00627nam a22002177a 4500
003 UA-OsUOA
001 45589
007 ta
008 20070427b un ||||| |||| 00| 0 ukr d
100 _aВіднянський С.
090 _a94(477)
_bВ-11
942 _cSA
040 _aUA-OsUOA
_bukr
_cUA-OsUOA
_dUA-OsUOA
245 _aПочаток краху прорадянських тоталітарно-комуністичних режимів
300 _aС.129-145
955 _a0
041 _aukr
080 _a94(477)
773 0 _w45588
650 7 _a9 Географія. Біографії. Історія
_2UDC
999 _c331686
_d331686